Études sur l'histoire du droit / (Record no. 158530)

MARC details
000 -LEADER
campo de control de longitud fija 01156nam a22002415i 4500
001 - NÚMERO DE CONTROL
campo de control 158530
003 - IDENTIFICADOR DE NÚMERO DE CONTROL
campo de control ES-MaACL
005 - FECHA Y HORA DE LA ÚLTIMA TRANSACCIÓN
campo de control 20250809023754.0
008 - DATOS DE LONGITUD FIJA--INFORMACIÓN GENERAL
campo de control de longitud fija 991028s1889 fr |||| | fre d
040 ## - FUENTE DE CATALOGACIÓN
Centro catalogador/agencia de origen CCPB | B
Lengua de catalogación spa
Centro/agencia transcriptor CCPB | B
100 1# - ENTRADA PRINCIPAL--NOMBRE DE PERSONA
Nombre de persona Maine, Henry Sumner (
Fechas asociadas al nombre 1822-1888)
9 (RLIN) 129363
245 10 - MENCIÓN DEL TÍTULO
Título Études sur l'histoire du droit /
Mención de responsabilidad, etc. par Henry Sumner Maine ; traduit de l'anglais avec autorisation de l'auteur.
260 ## - PUBLICACIÓN, DISTRIBUCIÓN, ETC.
Lugar de publicación, distribución, etc. Paris :
Nombre del editor, distribuidor, etc. Ernest Thorin, éd.,
Fecha de publicación, distribución, etc. 1889 (
Fabricante Imp. A. Chauvin et fils)
300 ## - DESCRIPCIÓN FÍSICA
Extensión [2], LXXVIII, [2], 704 p. ;
Dimensiones 21 cm.
490 1# - MENCIÓN DE SERIE
Mención de serie Bibliothèque de l'histoire du droit et des institutions ;
Designación de volumen o secuencia 5
505 8# - NOTA DE CONTENIDO CON FORMATO
Nota de contenido con formato Contiene: Les communautés de village en orient et en occident ; L'Inde et les idées de l'Europe moderne : théorie de la preuve ; Le droit romain et l'éducation juridique; La famille patriarcale: l'Inde et l'Angleterre
597 #1 - NOTA DE DESCRIPCIÓN FÍSICA
NOTA DE DESCRIPCIÓN FÍSICA Port. con grab. xil.
650 #7 - PUNTO DE ACCESO ADICIONAL DE MATERIA--TÉRMINO DE MATERIA
Término de materia o nombre geográfico como elemento de entrada Derecho-
Subdivisión de forma Historia
Fuente del encabezamiento o término
9 (RLIN) 157402
830 0# - PUNTO DE ACCESO ADICIONAL DE SERIE-TÍTULO UNIFORME
Título uniforme Bibliothèque de l'histoire du droit et des institutions ;
Designación de volumen o secuencia 5
9 (RLIN) 188164
852 ## - LOCALIZACIÓN
Ubicación ES-MaACL
Número de control de estantería F-12730
Nota libre -- Enc. pasta española
Holdings
Estatus retirado Estado de pérdida Estado de daño No para préstamo Colección Biblioteca de origen Biblioteca actual Ubicación en estantería Fecha de adquisición Fuente de adquisición Total de préstamos Signatura topográfica completa Código de barras Visto por última vez Precio de reemplazo Tipo de ítem Koha
        Libros del s. XIX Biblioteca del Ateneo de Madrid Biblioteca del Ateneo de Madrid Sala Pecera Planta 2 17/01/2008     F-12730 1165928 23/02/2023 23/02/2023 Libro impreso antiguo